000
00345nam a22001457a 4500
008
210602b ||||| |||| 00| 0 eng d
020
_a
9780803602571
041
_a
eng
080
_a
615.83
082
_a
615.83
100
_a
8
101
_a
EGZ
245
_a
Physical Rehabilitation Laboratory Manual
_c
Susan B. O'Sullivan
942
_2
udc
_c
BK
999
_c
57914
_d
57914